000 00615nam a22001937a 4500
005 20251108165813.0
008 250721s1971 xx 000 0 ara d
082 1 4 _aم/443.21/ج
100 1 _aالسابق، جروان
245 1 0 _aالسابق قاموس عربي - فرنسي - إنجليزي /
264 1 _aبيروت :
_bجروان السابق،
_c1971.
300 _a565ص
650 1 7 _aاللغة الفرنسية
650 1 7 _aالقواميس متعددة اللغات
650 1 7 _aاللغة العربية
650 1 7 _aاللغة الإنجليزية
942 _2ddc
_cREF
999 _c31703
_d31703